000 00680nam a2200253 a 4500
003 AR-BaBNM
005 20251128203722.0
008 082120s2002 ||||||||||||||000 | spa||
040 _cAR-BaBNM
100 1 _aLewisohn, Ludwig
245 0 0 _aHistoria de la literatura norteamericana
260 _aBuenos Aires
_bEditora Inter-Americana
_c1945
300 _a452 p.
650 4 _aHISTORIA LITERARIA
650 4 _aLITERATURA ESTADOUNIDENSE
650 4 _aCRITICA LITERARIA
650 4 _aLITERATURA CONTEMPORANEA
650 4 _aESTILO LITERARIO
650 4 _aGEN
655 _aLITERATURA
700 1 _aPalacio, Ernesto Alberto
_etraductor
942 _cBK
998 _cMARTIN
999 _c4627
_d4627